000 00284 a2200109 4500
020 _a1934154040
082 _a625.85 ASP
245 _aIntroduction to Asphalt MS- 5
_cAsphalt Institute
250 _a8th ed
260 _aUSA :
_bAsphalt institute,
_c2004
300 _aviii, 72p. :
_bill. ;
_c21 cm
650 _aAsphalt
999 _c1559
_d1559